| 000 | 00609nam a2200193 i 4500 | ||
|---|---|---|---|
| 001 | 106480 | ||
| 003 | ES-MaACL | ||
| 005 | 20230906184148.0 | ||
| 007 | t| | ||
| 008 | 061124n19001999sp ||||1| spa d | ||
| 080 | _a821.134.2-14"15" | ||
| 100 | 1 |
_aQ.N.K. _994467 |
|
| 245 | 1 | 3 |
_aEl laurel de la Zubia _b: (romance histórico) / _c[Q.N.K.]. |
| 260 |
_a[S.l. : _bs.n., _c19-?] |
||
| 300 |
_a[4] p. : _bil. ; _c24 cm. |
||
| 500 | _aReproducción facsímil de: Madrid : Imprenta de José Noguera y Castellano, 1872. | ||
| 500 | _aPrecede al título: número 32. | ||
| 852 |
_aES-MaACL _j2210-F-6 _bR.138084 |
||
| 999 |
_c106480 _d106480 |
||